|
|
|
|
| LEADER |
00704nta a2200169 i 4500 |
| 001 |
dipl59167 |
| 005 |
20180222084738.0 |
| 008 |
161205s2015 hu om 0|| zxx d |
| 040 |
|
|
|a SZTE Diploma Repozitórium
|b hun
|
| 041 |
|
|
|a zxx
|
| 100 |
1 |
|
|a Juhász Dániel Gábor
|
| 245 |
1 |
0 |
|a Szabadság és nevelés Diderot és de Sade műveiben
|h [elektronikus dokumentum] /
|c Dániel Gábor Juhász
|
| 246 |
1 |
0 |
|a Freedom and education Diderot and de Sade's works
|h [elektronikus dokumentum]
|
| 260 |
|
|
|c 2015
|
| 650 |
|
4 |
|a Bölcsészettudományok
|
| 700 |
1 |
|
|a Kelemen Zoltán Béla
|e ths
|
| 856 |
4 |
0 |
|u http://diploma.bibl.u-szeged.hu/id/eprint/59167/1/2016_Juh%C3%A1sz_D%C3%A1niel_G%C3%A1bor_JUDLAAB_SZE_SZ.pdf
|z Dokumentum-elérés
|